LEADER 02637nam 2200625Ia 450 001 9910784820003321 005 20230424182536.0 010 $a1-280-47157-3 010 $a0-19-534415-4 010 $a1-4237-6013-1 035 $a(CKB)1000000000409464 035 $a(EBL)273411 035 $a(OCoLC)476016178 035 $a(SSID)ssj0000273364 035 $a(PQKBManifestationID)11230180 035 $a(PQKBTitleCode)TC0000273364 035 $a(PQKBWorkID)10313451 035 $a(PQKB)11480549 035 $a(MiAaPQ)EBC273411 035 $a(Au-PeEL)EBL273411 035 $a(CaPaEBR)ebr10278756 035 $a(CaONFJC)MIL47157 035 $a(OCoLC)935261092 035 $a(EXLCZ)991000000000409464 100 $a19980326d1999 uy 0 101 0 $aeng 135 $aur|n|---||||| 181 $ctxt$2rdacontent 182 $cc$2rdamedia 183 $acr$2rdacarrier 200 10$aWomen living Zen$eJapanese So?to? Buddhist nuns /$fPaula Kane Robinson Arai 210 1$aNew York :$cOxford University Press,$d1999. 215 $a1 online resource (xix, 233 pages) $cillustrations 300 $aDescription based upon print version of record. 311 0 $a0-19-512393-X 320 $aIncludes bibliographical references (p. 213-226) and index. 327 $aAcknowledgments; Contents; Transliteration Guide; Prologue; ONE: Introduction; TWO: Historical Background; THREE: Twentieth-Century Leadership; FOUR: The Monastic Practices of Zen Nuns; FIVE: Motivations, Commitments, and Self-Perceptions; SIX: Conclusion: Innovators for the Sake of Tradition; Endnotes; Appendix A. Questionnaire; Appendix B. Glossary of Japanese Terms; Bibliography; Index 330 $aUsing both historical evidence and ethnographic data, Paula Arai shows that nuns were central agents in the foundation of Buddhism in Japan in the 6th century. They were active participants in the Soto Zen sect, and continue to contribute to the advancement of the sect up to the present day. 606 $aBuddhist nuns$zJapan 606 $aMonastic and religious life of women$zJapan 606 $aMonastic and religious life (Zen Buddhism)$zJapan 606 $aReligious life$xBuddhism 615 0$aBuddhist nuns 615 0$aMonastic and religious life of women 615 0$aMonastic and religious life (Zen Buddhism) 615 0$aReligious life$xBuddhism. 676 $a294.3/657 700 $aArai$b Paula Kane Robinson$01462737 801 0$bMiAaPQ 801 1$bMiAaPQ 801 2$bMiAaPQ 906 $aBOOK 912 $a9910784820003321 996 $aWomen living Zen$93671839 997 $aUNINA LEADER 01416nam 2200301z- 450 001 9910694088103321 005 20161209105252.0 035 $a(CKB)5860000000033286 035 $a(BIP)013468513 035 $a(EXLCZ)995860000000033286 100 $a20220406c2005uuuu -u- - 101 0 $aeng 200 10$aRoundtable $ehigher education and corporate leaders, working together to strengthen America's workforce : hearing of the Committee on Health, Education, Labor, and Pensions, United States Senate, One Hundred Ninth Congress, first session, on examining issues relating to higher education and corporate leaders, focusing on defining the roles industry and institutions of higher education will have to ensure that the United States has the skilled and diverse workforce it will need to succeed today and in the future, May 19, 2005 215 $a1 online resource (iii, 38 p.) 311 08$a0-16-075027-X 517 $aRoundtable 606 $aAcademic-industrial collaboration$zUnited States 606 $aUniversities and colleges$zUnited States 606 $aBusiness and education$zUnited States 606 $aManpower policy$zUnited States 615 0$aAcademic-industrial collaboration 615 0$aUniversities and colleges 615 0$aBusiness and education 615 0$aManpower policy 906 $aBOOK 912 $a9910694088103321 996 $aRoundTable$92577285 997 $aUNINA